| 000 | 00941nam a22001697a 4500 | ||
|---|---|---|---|
| 005 | 20251108173508.0 | ||
| 008 | 250721s2004 xx 000 0 ara d | ||
| 082 | 1 | 4 | _a615.89/عبد |
| 100 | 1 | _aعبد الله، محمد محمود | |
| 245 | 1 | 0 | _aأسرار العلاج بعسل النحل : عسل النحل و علاج أمراض القلب و الدم . عسل النحل للمرأة الحامل و علاج نزلات البرد . عسل النحل و علاج الأرق و السرطان و الكبد . عسل النحل و علاج الأطفال و التبول اللإرادي . عسل النحل و علاج الجروح و أمراض العيون . عسل النحل و علاج حب الشباب و التهاب البشرة / |
| 264 | 1 |
_aالجيزة : _bمكتبة النافذة، _c2004. |
|
| 300 | _a103 ص. | ||
| 650 | 1 | 7 | _aالطب الشعبي |
| 650 | 1 | 7 | _aالعسل |
| 942 |
_2ddc _cBK |
||
| 999 |
_c105261 _d105261 |
||